[Event "4NCL Division 2b"]
[Site "Reading, ENG"]
[Date "2016.11.20"]
[Round "2.83"]
[White "Beckett, Chris J"]
[Black "Bak, Andrew"]
[Result "1-0"]
[WhiteElo "2169"]
[BlackElo "2055"]
[PlyCount "51"]
[EventDate "2016.11.20"]
[WhiteTeam "Cambridge University 1"]
[BlackTeam "Bradford DCA Knights A"]

1. d4 d5 2. c4 c6 3. Nf3 Nf6 4. e3 e6 5. b3 Bd6 6. Bd3 Nbd7 7. Bb2 Qc7 8. Nc3
O-O 9. O-O e5 10. cxd5 Nxd5 11. Nxd5 cxd5 12. Rc1 Qb8 13. dxe5 Nxe5 14. Nxe5
Bxe5 15. Bxh7+ Kxh7 16. Qh5+ Kg8 17. Bxe5 Bg4 18. Qg5 f6 19. Bxf6 Rxf6 20. Qxg4
Qd6 21. Rc8+ Rf8 22. Rxa8 Rxa8 23. Rd1 Rd8 24. g3 Qc6 25. Qd4 Qc2 26. Rd2 1-0

[Event "4NCL Division 2b"]
[Site "Reading, ENG"]
[Date "2016.11.20"]
[Round "2.84"]
[White "Jennings, Roger W"]
[Black "Kalavannan, Koby"]
[Result "0-1"]
[WhiteElo "2054"]
[BlackElo "2131"]
[PlyCount "94"]
[EventDate "2016.11.20"]
[WhiteTeam "Bradford DCA Knights A"]
[BlackTeam "Cambridge University 1"]

1. g3 c5 2. Bg2 Nc6 3. Nf3 g6 4. O-O Bg7 5. d3 d6 6. Nc3 Rb8 7. e4 b5 8. Rb1 e6
9. Be3 Ba6 10. Re1 b4 11. Ne2 e5 12. a3 bxa3 13. bxa3 Nge7 14. Qd2 O-O 15. Bh6
Nd4 16. Bxg7 Nxe2+ 17. Qxe2 Kxg7 18. Nh4 Qa5 19. f4 c4 20. fxe5 cxd3 21. cxd3
Qc5+ 22. Qf2 Qxf2+ 23. Kxf2 dxe5 24. Ke3 Rfd8 25. Bf1 f5 26. Rxb8 Rxb8 27. Rc1
Rb7 28. exf5 gxf5 29. Bh3 Kf6 30. Rf1 Nd5+ 31. Kd2 f4 32. gxf4 Nxf4 33. Ng2
Bxd3 34. Nxf4 Bxf1 35. Nd5+ Kg5 36. Bxf1 Rb2+ 37. Ke3 Rxh2 38. Ke4 Ra2 39. Kxe5
Rxa3 40. Kd4 h5 41. Nc3 Kf4 42. Bc4 h4 43. Bd5 h3 44. Ne2+ Kg4 45. Be6+ Kh4 46.
Nf4 h2 47. Bd5 Ra1 0-1

[Event "4NCL Division 2b"]
[Site "Reading, ENG"]
[Date "2016.11.20"]
[Round "2.85"]
[White "Karayiannis, Costas"]
[Black "Nicholson, Jim W R"]
[Result "1-0"]
[WhiteElo "2145"]
[BlackElo "2028"]
[PlyCount "75"]
[EventDate "2016.11.20"]
[WhiteTeam "Cambridge University 1"]
[BlackTeam "Bradford DCA Knights A"]

1. d4 d5 2. c4 c6 3. Nf3 Nf6 4. Nc3 dxc4 5. a4 Bf5 6. Ne5 Nbd7 7. Nxc4 Nb6 8.
Ne5 a5 9. g3 Nfd7 10. Nxd7 Nxd7 11. Bg2 e6 12. e4 Bg6 13. O-O Bb4 14. f4 f6 15.
f5 Bf7 16. Qg4 Qe7 17. Qxg7 O-O-O 18. fxe6 Qxe6 19. Qh6 Qc4 20. Be3 Rdg8 21.
Nd5 Qb3 22. Nxb4 axb4 23. a5 Bc4 24. Rf2 Rg6 25. Qf4 Re8 26. Bf3 Bf7 27. a6
bxa6 28. Rxa6 Kb7 29. Ra1 Rgg8 30. Qd6 Nb8 31. Bf4 Na6 32. Rxa6 Kxa6 33. Qxc6+
Ka7 34. Rf1 Qxb2 35. Qc7+ Ka6 36. Qxf7 Qxd4+ 37. Kg2 Rc8 38. Rf2 1-0

[Event "4NCL Division 2b"]
[Site "Reading, ENG"]
[Date "2016.11.20"]
[Round "2.86"]
[White "Bak, Christopher"]
[Black "Lee, Richard W Y"]
[Result "1/2-1/2"]
[WhiteElo "2001"]
[BlackElo "2155"]
[PlyCount "127"]
[EventDate "2016.11.20"]
[WhiteTeam "Bradford DCA Knights A"]
[BlackTeam "Cambridge University 1"]

1. e4 e6 2. d4 d5 3. Nc3 Nf6 4. e5 Nfd7 5. f4 c5 6. Nf3 Nc6 7. Be3 a6 8. Qd2 b5
9. a3 Be7 10. Be2 O-O 11. O-O Qc7 12. Nd1 cxd4 13. Nxd4 Bb7 14. c3 Nc5 15. Qc2
Rac8 16. Nf2 Kh8 17. Rae1 Rfd8 18. Qb1 Rd7 19. Bd1 Nxd4 20. Bxd4 a5 21. Bc2 Ba6
22. b4 axb4 23. axb4 Ne4 24. Nxe4 dxe4 25. Bxe4 g6 26. Re3 Bb7 27. Bd3 Qc6 28.
Qb2 Ra8 29. Qe2 Rd5 30. Be4 Qd7 31. Qb2 Qd8 32. Bxd5 Qxd5 33. Re2 Qc4 34. Rd2
Be4 35. Ra1 Re8 36. Qa2 Bd5 37. Qxc4 Bxc4 38. Ra7 Kg7 39. Kf2 Bd5 40. Rd1 Kf8
41. Rda1 Rc8 42. g4 h6 43. Ke3 Ke8 44. Rf1 Kf8 45. Kd2 Be4 46. Ra5 Bd5 47. Rf2
Bh4 48. Rxb5 Bxf2 49. Bxf2 Ra8 50. Ra5 Rxa5 51. bxa5 Bc4 52. Ke3 Ke8 53. Kd4
Be2 54. Kc5 Kd7 55. Kb6 Bxg4 56. Kb7 Bf3+ 57. Kb8 Be2 58. Kb7 Bf3+ 59. Ka7 Kc7
60. Bc5 Bh1 61. a6 Bg2 62. Bd6+ Kc8 63. Kb6 Kd7 64. c4 1/2-1/2

[Event "4NCL Division 2b"]
[Site "Reading, ENG"]
[Date "2016.11.20"]
[Round "2.87"]
[White "Spencer, Carl J"]
[Black "McCarthy, Damian"]
[Result "1-0"]
[WhiteElo "2126"]
[BlackElo "1882"]
[PlyCount "149"]
[EventDate "2016.11.20"]
[WhiteTeam "Cambridge University 1"]
[BlackTeam "Bradford DCA Knights A"]

1. d4 d5 2. c4 c6 3. Nf3 Nf6 4. Nc3 e6 5. e3 Bd6 6. Bd3 dxc4 7. Bxc4 b5 8. Bd3
Bb7 9. e4 b4 10. Na4 Be7 11. O-O Nbd7 12. Qc2 h6 13. h3 Qa5 14. Be3 O-O 15.
Rfc1 Rfc8 16. Nc5 Nxc5 17. dxc5 Ba6 18. Ne5 Bxd3 19. Qxd3 Qc7 20. f4 Rd8 21.
Qa6 Rdc8 22. Rc4 Rab8 23. Rac1 Rb5 24. Qa4 a5 25. Qd1 Rd8 26. Qe2 Nd7 27. Nd3
Nf6 28. Nf2 Rbb8 29. e5 Nd5 30. Ne4 g6 31. Nd6 Bf8 32. Bd2 Bg7 33. Re4 Bf8 34.
Be1 Be7 35. h4 Rf8 36. h5 Kh7 37. Qg4 Qd7 38. Kh1 Bd8 39. Rd1 Qe7 40. Rd3 Rg8
41. Rh3 Qd7 42. Rd4 Ra8 43. Ne4 Qe8 44. Bh4 gxh5 45. Qf3 Rg6 46. Bxd8 Rxd8 47.
Rxh5 Qe7 48. Rd2 Rdg8 49. g3 f5 50. exf6 Nxf6 51. Nxf6+ Qxf6 52. Qe4 Kh8 53.
Rdh2 Kg7 54. Qxc6 Rd8 55. Qb7+ Kg8 56. Qf3 Qd4 57. Rxh6 Rxh6 58. Rxh6 Qd1+ 59.
Qxd1 Rxd1+ 60. Kg2 Rd2+ 61. Kf3 Rxb2 62. Rxe6 Rxa2 63. Rb6 Ra3+ 64. Kg4 Kf7 65.
Rb5 b3 66. Kf5 a4 67. c6 Ke7 68. Ke5 b2 69. Rb7+ Kd8 70. Rxb2 Rxg3 71. Rb8+ Kc7
72. Ra8 Kxc6 73. Rxa4 Kd7 74. Kf6 Rf3 75. Re4 1-0

[Event "4NCL Division 2b"]
[Site "Northampton, ENG"]
[Date "2017.01.15"]
[Round "4.51"]
[White "Carleton, John J"]
[Black "Kalaiyalahan, Akshaya"]
[Result "1-0"]
[WhiteElo "2287"]
[BlackElo "2305"]
[PlyCount "71"]
[EventDate "2017.01.15"]
[WhiteTeam "Spirit of Atticus A"]
[BlackTeam "Guildford 3"]

1. d4 Nf6 2. c4 g6 3. Nc3 Bg7 4. e4 d6 5. Be2 O-O 6. f4 c5 7. Nf3 cxd4 8. Nxd4
e5 9. Ndb5 Ne8 10. Nd5 a6 11. Nbc3 Nc6 12. O-O Nd4 13. Be3 Bd7 14. a4 f5 15.
Bd3 Be6 16. a5 Rb8 17. Kh1 Kh8 18. b4 Nf6 19. Nxf6 Bxf6 20. Rc1 b6 21. axb6
Rxb6 22. b5 axb5 23. cxb5 Rb8 24. Qa4 Nb3 25. Nd5 Bxd5 26. exd5 Nxc1 27. Rxc1
exf4 28. Bxf4 Qb6 29. Qa6 Qd4 30. Bxd6 Ra8 31. Bxf8 Rxa6 32. bxa6 Qxd3 33. a7
Qe3 34. Bh6 Qe8 35. d6 Bc3 36. d7 1-0

[Event "4NCL Division 2b"]
[Site "Northampton, ENG"]
[Date "2017.01.15"]
[Round "4.52"]
[White "Osborne, Marcus E"]
[Black "Mitchell, Martin"]
[Result "0-1"]
[WhiteElo "2224"]
[BlackElo "2199"]
[PlyCount "56"]
[EventDate "2017.01.15"]
[WhiteTeam "Guildford 3"]
[BlackTeam "Spirit of Atticus A"]

1. e4 c6 2. d4 d5 3. Nd2 dxe4 4. Nxe4 Nf6 5. Nxf6+ gxf6 6. Nf3 Bg4 7. Be2 Nd7
8. O-O Qc7 9. c4 O-O-O 10. Qa4 Kb8 11. c5 e5 12. Qc2 exd4 13. b4 Rg8 14. Qe4 f5
15. Qf4 Ne5 16. Qxe5 Qxe5 17. Nxe5 Bxe2 18. Re1 d3 19. Bf4 Ka8 20. Nxf7 Rd5 21.
Bd2 f4 22. a4 Bg7 23. Rac1 Bd4 24. Rc4 Bf3 25. Rxd4 Rxd4 26. g3 Re4 27. Rxe4
Bxe4 28. Bxf4 Rf8 0-1

[Event "4NCL Division 2b"]
[Site "Northampton, ENG"]
[Date "2017.01.15"]
[Round "4.53"]
[White "House, Glenn L"]
[Black "Granat, Russell G"]
[Result "1-0"]
[WhiteElo "2181"]
[BlackElo "2230"]
[PlyCount "45"]
[EventDate "2017.01.15"]
[WhiteTeam "Spirit of Atticus A"]
[BlackTeam "Guildford 3"]

1. Nf3 Nf6 2. g3 g6 3. Bg2 Bg7 4. O-O O-O 5. d3 d5 6. Nbd2 c5 7. e4 e6 8. Re1
Nc6 9. c3 b5 10. exd5 Nxd5 11. a4 b4 12. c4 Nde7 13. Nb3 Qd6 14. Bf4 e5 15. Be3
Bg4 16. Bxc5 Qd7 17. Qc2 Rfd8 18. d4 Bf5 19. Qe2 e4 20. Nfd2 Nxd4 21. Bxd4 Bxd4
22. Nxe4 Bxe4 23. Bxe4 1-0

[Event "4NCL Division 2b"]
[Site "Northampton, ENG"]
[Date "2017.01.15"]
[Round "4.54"]
[White "Punnett, Alan K"]
[Black "Ivell, Nicholas W"]
[Result "1/2-1/2"]
[WhiteElo "2047"]
[BlackElo "2193"]
[PlyCount "95"]
[EventDate "2017.01.15"]
[WhiteTeam "Guildford 3"]
[BlackTeam "Spirit of Atticus A"]

1. e4 c5 2. Nf3 e6 3. d4 cxd4 4. Nxd4 Nf6 5. Nc3 d6 6. g4 h6 7. h4 Nc6 8. Rg1
h5 9. g5 Ng4 10. Nxc6 bxc6 11. Be2 g6 12. Bxg4 hxg4 13. Qxg4 Qb6 14. a4 a5 15.
Ra3 e5 16. Qg3 Be6 17. Rh1 Bc4 18. Nd1 Be6 19. Qe3 Qc7 20. Ra1 Be7 21. Bd2 Rh5
22. Qg3 Qb6 23. f3 Kd7 24. Qf2 Qb7 25. Kf1 Rah8 26. Kg2 Bd8 27. b3 f6 28. gxf6
Bxf6 29. Bxa5 g5 30. Qb6 Qxb6 31. Bxb6 gxh4 32. a5 Kc8 33. Ne3 Kb7 34. b4 h3+
35. Kf2 d5 36. Rag1 Bg5 37. Ng4 d4 38. Bc5 Bc4 39. Ke1 Bf4 40. Nf6 Rg5 41. Rxg5
Bxg5 42. Nd7 Bf4 43. Bd6 Rh5 44. Bxe5 Bxe5 45. Nxe5 Rxe5 46. Rxh3 d3 47. cxd3
Bxd3 48. Kd2 1/2-1/2

[Event "4NCL Division 2b"]
[Site "Northampton, ENG"]
[Date "2017.01.15"]
[Round "4.55"]
[White "Jackson, Sheila"]
[Black "Shepley, Julien M"]
[Result "0-1"]
[WhiteElo "2151"]
[BlackElo "1980"]
[PlyCount "76"]
[EventDate "2017.01.15"]
[WhiteTeam "Spirit of Atticus A"]
[BlackTeam "Guildford 3"]

1. e4 d5 2. exd5 Qxd5 3. Nc3 Qd6 4. Nf3 Nf6 5. d4 c6 6. Be2 Bf5 7. O-O h6 8.
Ne5 Nbd7 9. Bf4 Nxe5 10. Bxe5 Qb4 11. Qc1 e6 12. a3 Qa5 13. h3 Ne4 14. Nxe4
Bxe4 15. c4 Qd8 16. Qe3 Bg6 17. Rad1 f6 18. Bh2 Qe7 19. Rfe1 Kf7 20. c5 Re8 21.
Bc4 Qd7 22. Qb3 h5 23. g4 hxg4 24. hxg4 b5 25. cxb6 Bd6 26. Bg3 Bxg3 27. Qxg3
axb6 28. Kg2 b5 29. Bb3 Re7 30. f4 f5 31. Re5 Kf8 32. Qe3 fxg4 33. Bxe6 Rxe6
34. d5 Rd6 35. Qc5 Kg8 36. Kf2 Rh2+ 37. Ke3 Rc2 38. Qd4 Rc5 0-1

[Event "4NCL Division 2b"]
[Site "Northampton, ENG"]
[Date "2017.01.15"]
[Round "4.56"]
[White "White, Nigel"]
[Black "Latham, David"]
[Result "0-1"]
[WhiteElo "1982"]
[BlackElo "2109"]
[PlyCount "104"]
[EventDate "2017.01.15"]
[WhiteTeam "Guildford 3"]
[BlackTeam "Spirit of Atticus A"]

1. e4 c5 2. Nf3 d6 3. d4 cxd4 4. Nxd4 Nf6 5. Nc3 a6 6. Bc4 e6 7. Bb3 Be7 8. O-O
O-O 9. f4 Nbd7 10. f5 Nc5 11. Qf3 e5 12. Nde2 Nxb3 13. axb3 b5 14. Bg5 Bb7 15.
Bxf6 Bxf6 16. Rfd1 Rc8 17. Qd3 Qb6+ 18. Kf1 Bh4 19. g3 Be7 20. b4 Rfd8 21. Nd5
Bxd5 22. exd5 Rc4 23. b3 Rg4 24. h3 Rg5 25. g4 g6 26. f6 Bxf6 27. Ng3 e4 28.
Nxe4 Bxa1 29. Nxg5 Be5 30. Kg2 Rc8 31. Nf3 Rc3 32. Qd2 Qc7 33. Rc1 Bg7 34. Ng1
Qc8 35. Ne2 Rc7 36. c3 f5 37. g5 Be5 38. Qd3 Qd8 39. h4 Qc8 40. Qf3 f4 41. Rc2
Qf5 42. Rc1 Kg7 43. Kf2 h6 44. gxh6+ Kxh6 45. Kg2 Kh7 46. Kf2 Kg8 47. Rg1 Qc2
48. h5 Rxc3 49. Rxg6+ Kh7 50. Qg4 Bd4+ 51. Kf1 Qd1+ 52. Kg2 f3+ 0-1

[Event "4NCL Division 2b"]
[Site "Northampton, ENG"]
[Date "2017.01.15"]
[Round "4.57"]
[White "Bimpson, Tom"]
[Black "Smart, Michael R"]
[Result "1-0"]
[WhiteElo "2085"]
[BlackElo "1995"]
[PlyCount "119"]
[EventDate "2017.01.15"]
[WhiteTeam "Spirit of Atticus A"]
[BlackTeam "Guildford 3"]

1. d4 Nf6 2. Bf4 a6 3. e3 g6 4. Nf3 Bg7 5. Be2 d6 6. c4 Nbd7 7. Nc3 O-O 8. O-O
c5 9. h3 b6 10. Bh2 Bb7 11. d5 Ne8 12. e4 Nc7 13. a4 a5 14. Qd2 Na6 15. Bf4 Re8
16. Bh6 Nb4 17. h4 Ne5 18. Bf4 Nxf3+ 19. Bxf3 Ba6 20. b3 Bb7 21. Rad1 Bc8 22.
h5 Bd7 23. Rfe1 Qc7 24. g3 Rad8 25. Kg2 Qc8 26. Rh1 Bg4 27. Bxg4 Qxg4 28. Rh4
Bxc3 29. Rxg4 Bxd2 30. Rxd2 e6 31. hxg6 fxg6 32. Bg5 Rd7 33. Rf4 exd5 34. exd5
Rf7 35. Rxf7 Kxf7 36. Bf4 Rd8 37. g4 Ke8 38. Bg5 Rd7 39. Re2+ Kf7 40. f4 Nd3
41. Kg3 Rb7 42. Rh2 Ke8 43. Rd2 Nc1 44. Rb2 Nd3 45. Re2+ Kf7 46. Re3 Nb4 47.
Rc3 Na2 48. Rc2 Nb4 49. Rd2 Rd7 50. f5 gxf5 51. gxf5 Na6 52. Rh2 Kf8 53. Kg4
Nb4 54. Rd2 Kg7 55. f6+ Kg8 56. Kf5 Kf7 57. Rh2 Ke8 58. Rd2 Kf7 59. Bh6 Na6 60.
Rg2 1-0

[Event "4NCL Division 2b"]
[Site "Northampton, ENG"]
[Date "2017.01.15"]
[Round "4.58"]
[White "Stimpson, Philip M"]
[Black "Ackley, Peter J E"]
[Result "1/2-1/2"]
[WhiteElo "1939"]
[BlackElo "1980"]
[PlyCount "48"]
[EventDate "2017.01.15"]
[WhiteTeam "Guildford 3"]
[BlackTeam "Spirit of Atticus A"]

1. e4 g6 2. d4 Bg7 3. Nc3 d6 4. Nf3 a6 5. a4 b6 6. Bd3 e6 7. Be3 Ne7 8. Qd2 h6
9. O-O Nd7 10. Rfe1 Bb7 11. Bc4 Nf6 12. Bf4 g5 13. Bg3 Nh5 14. Rad1 Ng6 15. Rf1
Nhf4 16. Bxf4 Nxf4 17. d5 e5 18. g3 Ng6 19. Ne1 h5 20. Ng2 Bh6 21. Qe2 Bc8 22.
Ne3 h4 23. Nf5 Qf6 24. f4 Nxf4 1/2-1/2

[Event "4NCL Division 2b"]
[Site "Northampton, ENG"]
[Date "2017.01.15"]
[Round "4.61"]
[White "Greet, Andrew N"]
[Black "Gayson, Peter M"]
[Result "1-0"]
[WhiteElo "2449"]
[BlackElo "2147"]
[PlyCount "8"]
[EventDate "2017.01.15"]
[WhiteTeam "Alba"]
[BlackTeam "White Rose 2"]

1. d4 f5 2. g3 g6 3. h4 h6 4. Bxh6 (4. e4 d6 5. Bg2 e6 6. exf5 exf5 7. Nh3 Qf6
8. Nc3 Ne7 9. Nf4 c6 10. d5 Bg7 11. O-O O-O 12. Re1 Kh7 13. Ne6 Bxe6 14. Rxe6
Qf7 15. Rxd6 Be5 16. Re6 Bxc3 17. bxc3 cxd5 18. Qe2 Nbc6 19. Ba3 Ng8 20. Bxf8
Rxf8 21. Bxd5 f4 22. h5 Nf6 23. Bxc6 fxg3 24. fxg3 bxc6 25. Re7) 4... Bxh6 1-0

[Event "4NCL Division 2b"]
[Site "Northampton, ENG"]
[Date "2017.01.15"]
[Round "4.63"]
[White "Sreeves, Clement"]
[Black "Shaw, Peter"]
[Result "1-0"]
[WhiteElo "2370"]
[BlackElo "2120"]
[PlyCount "123"]
[EventDate "2017.01.15"]
[WhiteTeam "Alba"]
[BlackTeam "White Rose 2"]

1. e4 e5 2. Nf3 Nc6 3. Nc3 Nf6 4. Be2 d5 5. exd5 Nxd5 6. d3 Be7 7. O-O O-O 8.
Re1 Re8 9. Bf1 Bf8 10. h3 f6 11. Bd2 Be6 12. g3 Qd7 13. Kh2 Nd4 14. Nxd4 exd4
15. Ne2 c5 16. Bg2 Rad8 17. Ng1 g6 18. Qf3 Bf7 19. Ne2 b6 20. Nf4 Nxf4 21. Qxf4
f5 22. b3 Bd6 23. Qf3 Kg7 24. a4 a5 25. h4 h5 26. Bg5 Rxe1 27. Rxe1 Re8 28.
Rxe8 Bxe8 29. Qa8 Bc7 30. Qb7 Qf7 31. Bd5 Qd7 32. Kg2 Kf8 33. Bh6+ Ke7 34. Kf3
Kf6 35. Kg2 Ke7 36. Kg1 Kf6 37. Kh2 Ke7 38. Kg2 Kf6 39. Bg5+ Kg7 40. Kf3 Kf8
41. Bf4 Bxf4 42. Qxd7 Bxd7 43. Kxf4 b5 44. axb5 Bxb5 45. Ke5 Ke7 46. Bc4 Bc6
47. f4 Bf3 48. Bd5 Bd1 49. Bg8 Bxc2 50. Bc4 a4 51. bxa4 Bxa4 52. Kd5 Bd7 53.
Kxc5 Be8 54. Kxd4 Kd6 55. Bd5 Ke7 56. Ke5 Bb5 57. d4 Ba4 58. Be6 Bb5 59. d5 Ba4
60. d6+ Kd8 61. Kf6 Be8 62. d7 1-0

[Event "4NCL Division 2b"]
[Site "Northampton, ENG"]
[Date "2017.01.15"]
[Round "4.64"]
[White "Arnott, Jonathan W"]
[Black "McKay, Roderick M"]
[Result "1/2-1/2"]
[WhiteElo "2121"]
[BlackElo "2340"]
[PlyCount "58"]
[EventDate "2017.01.15"]
[WhiteTeam "White Rose 2"]
[BlackTeam "Alba"]

1. e4 c5 2. c3 d6 3. d4 Nf6 4. Bd3 Nc6 5. Ne2 g6 6. O-O Bg7 7. dxc5 dxc5 8. Be3
Ne5 9. Bb5+ Bd7 10. Bxd7+ Qxd7 11. Bxc5 Nxe4 12. Qxd7+ Nxd7 13. Be3 O-O 14. Rd1
Rfd8 15. Na3 Nd6 16. Rd2 Nb6 17. Rad1 Rdc8 18. Bxb6 axb6 19. Nf4 Bxc3 20. bxc3
Rxa3 21. Nd5 Re8 22. Nxe7+ Rxe7 23. Rxd6 Rxa2 24. Rxb6 Rc2 25. g3 Rxc3 26. Rdb1
Rcc7 27. h4 h5 28. Kg2 Kg7 29. R1b3 Red7 1/2-1/2

[Event "4NCL Division 2b"]
[Site "Northampton, ENG"]
[Date "2017.01.15"]
[Round "4.65"]
[White "Berry, Neil"]
[Black "O'driscoll, Kieran"]
[Result "1/2-1/2"]
[WhiteElo "2288"]
[BlackElo "2090"]
[PlyCount "72"]
[EventDate "2017.01.15"]
[WhiteTeam "Alba"]
[BlackTeam "White Rose 2"]

1. d4 d5 2. c4 c6 3. Nf3 Nf6 4. Nc3 dxc4 5. a4 Na6 6. e4 Bg4 7. Bxc4 e6 8. O-O
Be7 9. Be3 Nb4 10. h3 Bxf3 11. Qxf3 Nc2 12. Rad1 O-O 13. Rd2 Nxe3 14. Qxe3 Bb4
15. f4 Qa5 16. e5 Nd5 17. Bxd5 cxd5 18. f5 exf5 19. Rxf5 Bxc3 20. bxc3 Qxa4 21.
e6 fxe6 22. Qxe6+ Kh8 23. Rxf8+ Rxf8 24. Rf2 Qe8 25. Rxf8+ Qxf8 26. Qxd5 Qe7
27. c4 Qe3+ 28. Kh2 Qf4+ 29. Kg1 Qe3+ 30. Kf1 h6 31. c5 Qd3+ 32. Kg1 Qe3+ 33.
Kf1 Qd3+ 34. Kf2 a5 35. Qd8+ Kh7 36. Qxa5 Qxd4+ 1/2-1/2

[Event "4NCL Division 2b"]
[Site "Northampton, ENG"]
[Date "2017.01.15"]
[Round "4.66"]
[White "Press, Harry"]
[Black "Burnett, Andrew"]
[Result "1-0"]
[WhiteElo "1892"]
[BlackElo "2172"]
[PlyCount "111"]
[EventDate "2017.01.15"]
[WhiteTeam "White Rose 2"]
[BlackTeam "Alba"]

1. d4 Nf6 2. c4 e6 3. Nf3 b6 4. g3 Ba6 5. Qc2 Bb4+ 6. Bd2 Qe7 7. Bg2 O-O 8. O-O
c6 9. e4 Bxd2 10. Nbxd2 d5 11. Ne5 Rd8 12. Rfd1 Bb7 13. Rac1 Nfd7 14. cxd5 Nxe5
15. dxe5 exd5 16. exd5 cxd5 17. Qc7 Qxc7 18. Rxc7 Ba6 19. Rdc1 Bd3 20. R7c3 Bb5
21. Bxd5 Nc6 22. Bxc6 Bxc6 23. Rxc6 Rxd2 24. Rc8+ Rd8 25. Rxa8 Rxa8 26. Rc7 Kf8
27. Kf1 a6 28. f4 Rd8 29. Ke2 Rd5 30. Rb7 Rb5 31. b3 h5 32. Kd3 h4 33. gxh4 g6
34. Ke3 Rb4 35. Kf3 a5 36. Kg4 b5 37. Kg5 a4 38. bxa4 Rxa4 39. Rxb5 Rxa2 40.
Kf6 Ra6+ 41. Kg5 Ra2 42. h5 gxh5 43. h4 Rg2+ 44. Kxh5 Rg1 45. Rb6 Rg2 46. Rf6
Kg8 47. Rf5 Rh2 48. Rg5+ Kh7 49. Kg4 Rf2 50. Kf5 Rf1 51. Kf6 Rxf4+ 52. Rf5 Rxh4
53. Kxf7 Kh8 54. e6 Rh7+ 55. Kf8 Rf7+ 56. Kxf7 1-0

[Event "4NCL Division 2b"]
[Site "Northampton, ENG"]
[Date "2017.01.15"]
[Round "4.67"]
[White "Findlay, David John"]
[Black "Press, Shaun"]
[Result "1-0"]
[WhiteElo "2161"]
[BlackElo "1970"]
[PlyCount "57"]
[EventDate "2017.01.15"]
[WhiteTeam "Alba"]
[BlackTeam "White Rose 2"]

1. e4 e5 2. Nc3 Nf6 3. g3 d5 4. exd5 Nxd5 5. Bg2 Nxc3 6. bxc3 Bc5 7. Qh5 Qe7 8.
Nf3 Nc6 9. O-O g6 10. Qh6 f6 11. d4 Bd6 12. dxe5 Nxe5 13. Nxe5 fxe5 14. Bg5 Qf8
15. Qh4 h5 16. Bf6 Be7 17. Bxe7 Qxe7 18. Qe4 Bf5 19. Qxb7 O-O 20. Rae1 Rad8 21.
Qxa7 Bxc2 22. Be4 Bxe4 23. Rxe4 Ra8 24. Qe3 Rxa2 25. Rxe5 Qf6 26. Re4 Kg7 27.
Rf4 Qd6 28. Rxf8 Qxf8 29. Qd4+ 1-0

[Event "4NCL Division 2b"]
[Site "Northampton, ENG"]
[Date "2017.01.15"]
[Round "4.68"]
[White "Sucikova, Katarina"]
[Black "Bamber, Elaine"]
[Result "0-1"]
[WhiteElo "1654"]
[BlackElo "2075"]
[PlyCount "68"]
[EventDate "2017.01.15"]
[WhiteTeam "White Rose 2"]
[BlackTeam "Alba"]

1. e4 d5 2. exd5 Qxd5 3. Nc3 Qa5 4. Nf3 Nf6 5. Bc4 Bf5 6. O-O e6 7. h3 Nbd7 8.
d4 c6 9. Nh4 Bg6 10. Re1 O-O-O 11. Ne2 Qh5 12. Nf3 Be4 13. Ng5 Nb6 14. Bd3 Bxd3
15. Qxd3 Rd7 16. c3 Bd6 17. Nf3 h6 18. Nf4 Qa5 19. Ne5 Bxe5 20. Rxe5 Qxe5 21.
dxe5 Rxd3 22. Nxd3 Nfd5 23. f4 Rd8 24. Kf2 Nxc3 25. Nc5 Rd5 26. Nb3 Nca4 27.
Ke2 Nc4 28. Rb1 Na3 29. Ra1 Nc2 30. Rb1 Nb4 31. Bd2 Nd3 32. Bc1 c5 33. Be3
Ndxb2 34. Nxc5 Nc3+ 0-1

[Event "4NCL Division 2b"]
[Site "Northampton, ENG"]
[Date "2017.01.15"]
[Round "4.71"]
[White "Ward, Chris G"]
[Black "Drabble, Andrew"]
[Result "1-0"]
[WhiteElo "2441"]
[BlackElo "2078"]
[PlyCount "73"]
[EventDate "2017.01.15"]
[WhiteTeam "KJCA Kings"]
[BlackTeam "Bradford DCA Knights A"]

1. d4 e6 2. c4 Bb4+ 3. Nc3 c5 4. Nf3 Nf6 5. g3 O-O 6. Bg2 d6 7. O-O Bxc3 8.
bxc3 Qe7 9. a4 e5 10. a5 Ne4 11. dxe5 dxe5 12. Qd5 Nf6 13. Qxe5 Re8 14. Qxe7
Rxe7 15. Bg5 Be6 16. Nd2 h6 17. Bxf6 gxf6 18. a6 Nd7 19. axb7 Rb8 20. Rxa7 Nb6
21. Rb1 Nd7 22. Ra8 Ree8 23. Bc6 Red8 24. Bxd7 Bxd7 25. Rxb8 Rxb8 26. Ne4 Bf5
27. f3 Kf8 28. Rb6 Bxe4 29. fxe4 Kg7 30. Kf2 Kg6 31. Kf3 Kg5 32. h4+ Kh5 33.
Kf4 f5 34. exf5 Rg8 35. b8=Q f6 36. Rxf6 Rg4+ 37. Ke5 1-0

[Event "4NCL Division 2b"]
[Site "Northampton, ENG"]
[Date "2017.01.15"]
[Round "4.72"]
[White "Eagleton, Greg T"]
[Black "Hand, Freddie"]
[Result "1-0"]
[WhiteElo "2055"]
[BlackElo "2205"]
[PlyCount "57"]
[EventDate "2017.01.15"]
[WhiteTeam "Bradford DCA Knights A"]
[BlackTeam "KJCA Kings"]

1. d4 d5 2. Nf3 Nf6 3. Bg5 Ne4 4. Bf4 c5 5. e3 Qb6 6. Nbd2 Nc6 7. Nxe4 dxe4 8.
d5 Nb4 9. Ne5 f6 10. Qh5+ g6 11. Nxg6 hxg6 12. Qxg6+ Kd8 13. Qxe4 Rh5 14. Qc4
Qa5 15. Be2 Rxd5 16. O-O b5 17. Qe4 f5 18. Qf3 Bb7 19. Rad1 e6 20. c4 Rxd1 21.
Rxd1+ Kc8 22. Qh5 Bc6 23. Qf7 Na6 24. Qxf8+ Kb7 25. Qe7+ Kc8 26. cxb5 Bxb5 27.
Qxe6+ Kb7 28. Bf3+ Bc6 29. Qxc6# 1-0

[Event "4NCL Division 2b"]
[Site "Northampton, ENG"]
[Date "2017.01.15"]
[Round "4.73"]
[White "Verma, Aditya"]
[Black "Bak, Christopher"]
[Result "1-0"]
[WhiteElo "2013"]
[BlackElo "2025"]
[PlyCount "35"]
[EventDate "2017.01.15"]
[WhiteTeam "KJCA Kings"]
[BlackTeam "Bradford DCA Knights A"]

1. e4 e6 2. d4 d5 3. Nc3 Nf6 4. Bg5 dxe4 5. Bxf6 gxf6 6. Nxe4 Bg7 7. Nf3 f5 8.
Ng3 c5 9. c3 cxd4 10. Nh5 Bh6 11. Nxd4 Bd7 12. Be2 Nc6 13. Nb5 O-O 14. Qxd7 Qg5
15. Qd3 f4 16. h4 Qg6 17. g4 f5 18. g5 1-0

[Event "4NCL Division 2b"]
[Site "Northampton, ENG"]
[Date "2017.01.15"]
[Round "4.74"]
[White "Bak, Andrew"]
[Black "Bansal, Rohan"]
[Result "1/2-1/2"]
[WhiteElo "2050"]
[BlackElo "1987"]
[PlyCount "106"]
[EventDate "2017.01.15"]
[WhiteTeam "Bradford DCA Knights A"]
[BlackTeam "KJCA Kings"]

1. e4 e6 2. d3 d5 3. Nd2 Nf6 4. g3 c5 5. Bg2 Nc6 6. Ngf3 Be7 7. O-O O-O 8. Re1
b5 9. h4 Re8 10. e5 Nd7 11. Nf1 b4 12. Bf4 Bf8 13. g4 h6 14. h5 a5 15. N1h2 Ba6
16. g5 Kh7 17. Qd2 Ne7 18. Nh4 Ng8 19. Qe3 hxg5 20. Bxg5 Be7 21. N4f3 Nh6 22.
Bh3 Bb7 23. Bxe7 Qxe7 24. Ng5+ Kg8 25. f4 Nb6 26. Kf2 d4 27. Qg3 Nd5 28. Ne4
Kh8 29. Nd6 Rf8 30. Ke2 Ne3 31. Kd2 Bd5 32. Nf1 Nef5 33. Bxf5 Nxf5 34. Nxf5
exf5 35. Qh3 Be6 36. Ng3 Qd7 37. Rg1 c4 38. h6 g6 39. h7 c3+ 40. bxc3 dxc3+ 41.
Ke2 f6 42. Nf1 Bf7 43. Qh4 Ra6 44. Qh6 Re8 45. Ng3 fxe5 46. Nh5 exf4+ 47. Kf1
Qd4 48. Nxf4 Qe3 49. Rg2 a4 50. Qh4 Qe7 51. Qh6 Qe3 52. Qh4 Qe7 53. Qh6 Qe3
1/2-1/2

[Event "4NCL Division 2b"]
[Site "Northampton, ENG"]
[Date "2017.01.15"]
[Round "4.75"]
[White "Selway, Richard P"]
[Black "Jennings, Roger W"]
[Result "1/2-1/2"]
[WhiteElo "2053"]
[BlackElo "2035"]
[PlyCount "124"]
[EventDate "2017.01.15"]
[WhiteTeam "KJCA Kings"]
[BlackTeam "Bradford DCA Knights A"]

1. e4 g6 2. d4 Bg7 3. Nc3 d6 4. Be3 Nf6 5. Qd2 c6 6. Nf3 Qa5 7. h3 b5 8. Bd3 b4
9. Ne2 Nbd7 10. a3 c5 11. O-O Qc7 12. Ng3 c4 13. Be2 c3 14. Qc1 Bb7 15. Bd3 a5
16. axb4 axb4 17. Rxa8+ Bxa8 18. bxc3 bxc3 19. d5 O-O 20. Qa3 Rc8 21. Bd4 Ne5
22. Nxe5 dxe5 23. Be3 Ne8 24. Rb1 Nd6 25. Bb6 Qd7 26. Rb3 e6 27. dxe6 Qxe6 28.
Rxc3 Rxc3 29. Qxc3 Bxe4 30. Nxe4 Nxe4 31. Qc7 Nf6 32. Bc4 Qd7 33. Qb8+ Qe8 34.
Qd6 Ne4 35. Qd5 Nf6 36. Qb7 Qd7 37. Qb8+ Qe8 38. Bc7 Qxb8 39. Bxb8 Nd7 40. Ba7
Bf8 41. Be3 Kg7 42. Kf1 Bc5 43. Ke2 Bxe3 44. Kxe3 f5 45. Bd5 Kf6 46. Kd3 Ke7
47. Bc6 Nb6 48. h4 Kd6 49. Be8 Nd5 50. g3 Nf6 51. Bf7 Ng4 52. Ke2 e4 53. Bg8 h6
54. f3 Nf6 55. Bf7 g5 56. hxg5 hxg5 57. fxe4 Nxe4 58. Kf3 Ke5 59. Bg8 g4+ 60.
Kg2 Kd4 61. Be6 Nd6 62. Kf2 Ne4+ 1/2-1/2